• 首页
  • 本馆介绍
  • 公告通知
  • 最新文献
  • 馆藏检索
  • 电子资源
  • 读者导购
  • 参考咨询
  • 我的图书馆
  • 登录
  • 详细信息显示
  • 放入我的书架
  • 预约/预借图书
  • 作者相关作品
  • 分类相关作品
  • 丛书相关作品
  • 出版社相关作品

书目信息

  • 表格格式
  • 工作单格式
  • 卡片格式
题名:
家电维修职业技能速成课堂
    
 
作者: 陈铁山 主编
分册:   空调器
出版信息: 北京   化学工业出版社  2017
页数: 243页
开本: 21cm
丛书名:
单 册:
中图分类: TM925.07
科图分类:
主题词: 空气调节器--kong qi tiao jie qi--维修
电子资源:
ISBN: 978-7-122-28387-0
000 01225nam 2200253 450
001 012017000112
005 20180115165516.62
010    @a978-7-122-28387-0@b@dCNY36.00
100    @a20160215d2017 em y0chiy0121 ea
101 0  @achi
102    @aCN@b110000
105    @aak z 000yy
106    @ar
200 1  @a家电维修职业技能速成课堂@Ajia dian wei xiu zhi ye ji neng su cheng ke tang@g@i空调器@f陈铁山主编
210    @a北京@c化学工业出版社@d2017
215    @a243页@c图@d21cm
330    @a本书从空调器维修职业技能需求出发, 系统介绍了空调器维修基础与操作技能, 通过模拟课堂讲解的形式介绍了空调器维修场地的搭建与工具的使用、维修配件的识别与检测、维修操作规程的实际应用; 然后通过课内训练和课后练习的形式对空调器重要构件部件与单元电路的故障进行重点详解, 并精选空调器维修实操实例, 重点介绍检修步骤、方法、技能、思路、技巧及难见故障的处理技巧与要点点拨, 以达到快速、精准、典型示范维修的目的。书末还介绍了空调器主流芯片的参考应用电路和按图索故障等资料, 供实际维修时参考。
517 1  @a空调器@Akong tiao qi
606 0  @a空气调节器@Akong qi tiao jie qi@x维修
690    @aTM925.07@v5
701  0 @a陈铁山@Achen tie shan@4主编
801  0 @aCN@b湖北三新@c20170513@g
905    @aBZT@dTM925.07@e11-4
906    @dCNY36.00@n5@r1
    
    家电维修职业技能速成课堂.空调器/陈铁山主编.-北京:化学工业出版社,2017
    243页:图;21cm
    
    
    ISBN 978-7-122-28387-0:CNY36.00
    本书从空调器维修职业技能需求出发, 系统介绍了空调器维修基础与操作技能, 通过模拟课堂讲解的形式介绍了空调器维修场地的搭建与工具的使用、维修配件的识别与检测、维修操作规程的实际应用; 然后通过课内训练和课后练习的形式对空调器重要构件部件与单元电路的故障进行重点详解, 并精选空调器维修实操实例, 重点介绍检修步骤、方法、技能、思路、技巧及难见故障的处理技巧与要点点拨, 以达到快速、精准、典型示范维修的目的。书末还介绍了空调器主流芯片的参考应用电路和按图索故障等资料, 供实际维修时参考。
●
相关链接 在五车中查询图书 在当当中查询图书 在豆瓣中查询图书


正题名:家电维修职业技能速成课堂     索取号:TM925.07/11-4         预约/预借

序号 登录号 条形码 馆藏地/架位号 状态 备注
1 842930   2000842930   第二书库/ [索取号:TM925.07/11-4] 在馆    
2 842931   2000842931   第二书库/ [索取号:TM925.07/11-4] 在馆    
3 842932   2000842932   第二书库/ [索取号:TM925.07/11-4] 在馆    
4 842933   2000842933   第二书库/ [索取号:TM925.07/11-4] 在馆    
5 842934   2000842934   第二书库/ [索取号:TM925.07/11-4] 在馆    
山东省滨州职业学院图书馆 欢迎您!
大连网信软件有限公司© 版权所有